00566nam a22001812a 450000100060000000300080000600500170001400800410003103500190007204000270009104100080011808200240012610000260015024500890017626000650026530000200033060000340035032986BD-RjUL20211209051928.0860101s1931 pk 000 1 eng d a(BD-RjUL)33076 aDLCcCLEdBD-RjULbeng aeng a297.4092bHUI 19311 aHusaini, Abdul Qadir,00aIbn al ʿArabi :bthe great Muslim mystic and thinker /cby Moulavi S. A. Q. Husaini aAdyar, Madras, India :bTheosophical Publishing House,c1931 ax ,99 p.c19 cm00aIbn al-ʿArabī,d1165-1240.